000 01009nam a2200313 c 4500
003 BLK
005 20241204161603.0
008 180411b bul|||||r ||||||| ||bul||
010 _aKNG00195061000
040 _aBLK
041 _aBUL
_cBUL
080 _aБългарска литература
_b821.163.2
_x-1
_z821.163.2-1
100 _aМарковски, Венко
_d1915 - 1988
_qТошев, Венеамин Миланов
_9280291
139 _aМарковски, Венко
_bМ 32
245 1 0 _aБългарски балади
_cВенко Марковски.
257 _aBGR
260 София
_bВоен. изд.
_c1986
300 _a167 с.
_bс портр.
_c21 см
380 _aX
500 _a2 735 тир.
653 _aпоезия
653 _aбалади
852 _aЦб 146005
856 4 _qpdf
_u
856 4 _qpdf
_u
942 _cKNG
_n0
944 _aCR
_c03.11.2016
_k30550
_lКети Илиева
944 _aED
_c03.11.2016
_kЕлица_Владова
999 _c186067
_d186067